Тест на общие знания №25 - Statistics

General Stats
  • This quiz has been taken 55 times
  • The average score is 7 of 20
Answer Stats
Вопрос Ответ % Correct
Какие три буквы идут в последовательности после QWERTY? UIO
78%
Название какой североамериканской страны созвучно с названием головного убора? Панама
76%
Что хранится в патронташе? патроны
62%
Слоган какого телеканала гласит: "Почувствуй нашу любовь"? ТНТ
57%
Кем был Гарри Поттер в своей команде по квиддичу? ловец
51%
Что такое NASCAR и IndyCar? виды автогонок
43%
Как называется музыкант, исполняющий в жанре шансон? шансонье
43%
Как называется дискриминация по возрасту? эйджизм
43%
Какая часть человеческого тела, согласно эксперименту Дункана Макдугалла, весит 21 г? душа
41%
Главным героем какого аниме-сериала является синигами по имени Итиго Куросаки? "Блич"
30%
С какой планеты прибыли автоботы и десептиконы? Кибертрон
27%
Из какого языка были заимствованы слова "рыцарь", "повидло" и "клянчить"? польский
27%
Какая песня группы "Ария" является официальным кавером на песню "Golden Earring - Going to the Run"? "Беспечный ангел"
19%
Какого видеоигрового персонажа можно назвать самым воинственным атеистом? Кратос
19%
От какого имени образовано английское имя Томас? Фома
16%
Какой святой является покровителем Воздушно-десантных войск? Илия
14%
Как называются жители Монако? монегасски
14%
На какой реке расположена Асуанская плотина? Нил
14%
У какого музыканта есть альтер-эго по имени Зигги Стардаст? Дэвид Боуи
11%
Первым правителем какого королевства был Камеамеа I, а последним - Лилиуокалани? Королевство Гавайи
8%
No matching quizzes found
Score Distribution
Percent of People with Each Score
Percentile by Number Answered
Your Score History
You have not taken this quiz